000 00530nam a2200181Ia 4500
003 GCL
008 140319s9999 xx 000 0 ara d
040 _aGCL /
_cGCL
082 0 4 _a810.99566
_bس ن
100 1 _aسلمى صايغ
245 1 0 _aالنسمات /
_cسلمى صايغ
700 1 _aجرجس نقولاباز
260 _a[S.N] :
_bمكتبة المدرسة ودار الكتاب اللبنانى
490 _a
650 0 4 _aالادب العربى
650 0 4 _aالادب اللبنانى
942 _2ddc
_cBK
999 _c34886
_d34886